Κατάλογος Βιβλιοθηκών Mediterranean College

Human Behavior / An Introduction for Medical Students (Record no. 2513)

MARC details
000 -LEADER
fixed length control field 01413cam a22001934a 4500
005 - ΗΜΕΡΟΜΗΝΙΑ ΚΑΙ ΩΡΑ ΤΕΛΕΥΤΑΙΑΣ ΕΝΗΜΕΡΩΣΗΣ
Πεδίο ελέγχου 20250605164044.0
008 - FIXED-LENGTH DATA ELEMENTS--GENERAL INFORMATION
Πεδίο ελέγχου σταθερού μήκους 250528s ||||||||||||||||||||||||d
035 ## - SYSTEM CONTROL NUMBER
System control number 17073
020 ## - ISBN
ISBN 397509669
040 ## - ΠΗΓΗ ΚΑΤΑΛΟΓΟΓΡΑΦΗΣΗΣ
Φορέας πρωτότυπης καταλογογράφησης MC Athens Campus Library
Γλώσσα καταλογογράφησης Ελληνικά, Μοντέρνα (1453-)
Modifying agency MC Athens Campus Library
Κανόνες περιγραφικής καταλογογράφησης AACR2
245 1# - ΤΙΤΛΟΣ ΚΑΙ ΔΗΛΩΣΗ ΥΠΕΥΘΥΝΟΤΗΤΑΣ
Τίτλος Human Behavior / An Introduction for Medical Students
260 ## - PUBLICATION, DISTRIBUTION, ETC.
Name of publisher, distributor, etc. J.B. Lippincott Company,
Date of publication, distribution, etc. 1990
300 ## - PHYSICAL DESCRIPTION
Extent 378
520 ## - SUMMARY, ETC.
Summary, etc. This book seeks to redress the balance by providing the reader with a sound informational framework on human behavior in illness and health - and applies this knowledge to compassionate care of the patient. The Biopsychological Model, The Biopsychological Model in Medical Practice, Culture and Ethnicity and Behavior and the Practice of Medicine, Two Fundamental Psychological Theories of Human Behavior, Psychoanalytic Psychology, Behavioral and Social Learning Psychology, Human Development, Human Sexual Development and Physiology, Childhood and Adolescent Development, Adult Development, The Family in Human Development and Medical Practice, The Behavioral and Psychobiologic Effects of Developmental Trauma, Biological Basis of Behavior, Ethology and Human Behavior, Neuro biologic Aspects of Behavior, Behavioral Genetics, Clinical Applications, Supportive Psychologic Care of the Medically III, Appendices, Index.
700 1# - ΠΡΟΣΘΕΤΗ ΑΝΑΓΡΑΦΗ--ΦΥΣΙΚΟ ΠΡΟΣΩΠΟ
Personal name Stoudemire Alan
9 (RLIN) 3206
942 ## - ADDED ENTRY ELEMENTS (KOHA)
Koha item type Books
Holdings
Τύπος τεκμηρίου Βιβλιοθήκη Τρέχουσα τοποθεσία Barcode Αριθμός εισαγωγής Ημερομηνία απόκτησης Ταξιθετικό σύμβολο Αριθμός αντιτύπου Κατάσταση απόσυρσης Κατάσταση χαμένου Κατάσταση κατεστραμμένου Μη δανεισμός Σύνολο δανεισμών Ημερομηνία τελευταίας εμφάνισης Η τιμή ισχύει από
Books MC Athens Campus Library MC Athens Campus Library 9780000025128 7277 05/06/2025 616/.0019 STO 1           05/06/2025 05/06/2025

MC Athens Campus Library
Πατησίων 94 & Κοδριγκτώνος 13, 104 34
Πελλήνης 8 & Πατησίων 107, 112 51
Τ: +30 210 8899600

MC Thessaloniki Campus Library
Ίωνος Δραγούμη 21, 54625 | Ίωνος Δραγούμη 15, 54625
Τ: +30 2310 287779 – Τ: +30 2314 440300